| 000 | 02317nam a22003137a 4500 | ||
|---|---|---|---|
| 005 | 20110805102146.0 | ||
| 010 | _aB-436068-072 | ||
| 020 |
_c25.00 _a9788184790849 |
||
| 035 | _aB-436068-072 | ||
| 037 | _b ब्लयूबेरी बुक्स | ||
| 082 | _a क | ||
| 100 |
_aश्रीदला स्वामी _931995 |
||
| 245 |
_aउड़न छू पालना / _cश्रीदला स्वामी; संजय सरकार द्वारा चित्रांकित ;मनीषा चौधरी द्वारा अनुदित |
||
| 246 |
_aUdan chhoo palana _b by Sridala Swami |
||
| 260 |
_aनई दिल्ली _bप्रथम बुक्स _c2009 |
||
| 270 |
_bनई दिल्ली _k011-65684113 _l _mwww.prathambooks.org |
||
| 300 |
_a12पृ.; _c28सेमी (अजिल्द) _bसचित्र |
||
| 490 |
_a _931996 |
||
| 500 | _a | ||
| 700 |
_aसरकार, संजय _931407 |
||
| 700 |
_aचौधरी, मनीषा _931414 |
||
| 942 |
_2ddc _cCH _mश्रीदला _hक |
||
| 999 |
_c54908 _d54908 |
||